zpět

Detail výsledku týmu

Poděbrady, Olomouc

Datum a čas kvízu

29.5 Celkem bodů Celkový počet nahraných bodů na tomto kvízu bez doplňovacích otázek.
7. Pořadí na kvízu Konečné umístění týmu na tomto kvízu.

Zaznamenané odpovědi

# Otázka Odpověď Body Výsledky
1. Od pondělí do čtvrtka brázdila... Formule 1 0
2. Společnost Air Baltic spustila... Kunda 1
3. V pondělí vyvrcholil 30. roční... v Maďarsku 1
4. V pondělí prohlásila polská sp... CZC.cz 1
5. Který český fotbalista přestou... Adam Hložek 0
6. Na konci kterého amerického fi... Hudbu složil, slova napsal (Music and Lyrics) 1
7. Francouzská hudební komedie s... Piti Piti Pa 0
8. V hudební animované pohádce Tr... Justin Timberlake 1
9. V Hříšném tanci si zahráli hla... Frances, Baby 1
10. Jak se jmenuje československý... Kdyby tisíc klarinetů 1